000 00595nam a22002177a 4500
003 UA-OsUOA
001 79083
007 ta
008 20111101b un ||||| |||| 00| 0 ukr d
100 _aКорнилюк Р.
090 _a330(477)
_bК67
942 _cSA
040 _aUA-OsUOA
_bukr
_cUA-OsUOA
_dUA-OsUOA
245 _aВплив іноземних банків на розвиток кредитного ринку України
300 _aС.50-59
955 _a0
041 _aukr
080 _a330(477)
773 0 _w79078
650 7 _a330 Економіка взагалі
_2UDC
999 _c365378
_d365378